000 00837cam a22002294a 4500
005 20100818151427.0
010 _aENG-100827
020 _a8177355716
_c45.00
035 _aEN-84360
037 _bDBAD / PUB
082 _a340.11
100 _aMuthukumar, R.
_915064
245 _aJustice ministry and temple administration in Tamilnadu /
_cby R. Muthukumar
260 _bPavai Publications
_c2008
_aChennai
270 _a142, Johny John Khan Salai, Royappettah,
_bChennai
_e600014
300 _a95 p.
_c20cm (Pbk)
500 _aIncludes bibliographical references
650 _aJustice
_vAdministration
_915065
942 _2ddc
_cEN
_mMUT
_h340.11
999 _c42468
_d42468